Management guide to intellectual property for state departments of transportation /
"TRB's National Cooperative Highway Research Program (NCHRP) Report 799: Management Guide to Intellectual Property for State Departments of Transportation documents guidance on how agencies can manage the copyrights, patents, and other intellectual property that may be used or produced as...
| Main Authors: | , , , |
|---|---|
| Corporate Authors: | , , |
| Format: | Book |
| Language: | English |
| Published: |
Washington, D.C. :
Transportation Research Board,
2015.
|
| Series: | Report (National Cooperative Highway Research Program) ;
799. |
| Subjects: | |
| Online Access: | http://proxy.library.tamu.edu/login?url=http://onlinepubs.trb.org/onlinepubs/nchrp/nchrp_rpt_799.pdf Blurb |
MARC
| Tag | First Indicator | Second Indicator | Subfields |
|---|---|---|---|
| LEADER | 00000cam a2200000Ii 4500 | ||
| 001 | in00003774571 | ||
| 005 | 20190409171109.0 | ||
| 008 | 150403t20152015dcua bt 000 0 eng d | ||
| 010 | |a 2015931194 | ||
| 035 | |a (OCoLC)ocn906199823 | ||
| 040 | |a JCR |b eng |e rda |c JCR |d JCR |d PBU |d IXA |d MDT |d OKU |d DMY |d WAU |d TXA | ||
| 020 | |a 9780309308403 | ||
| 020 | |a 0309308402 | ||
| 043 | |a n-us--- | ||
| 050 | 4 | |a HD53 |b .B73 2015 | |
| 049 | |a TXAM | ||
| 090 | |a TE7 |b .N25 no.799 | ||
| 100 | 1 | |a Bradley, Joe |q (Joe Anthony), |e author. | |
| 245 | 1 | 0 | |a Management guide to intellectual property for state departments of transportation / |c Joe Bradley, Jagannath Mallela, Kevin Chesnik and Timothy Wyatt. |
| 264 | 1 | |a Washington, D.C. : |b Transportation Research Board, |c 2015. | |
| 264 | 4 | |c ©2015 | |
| 300 | |a 139 pages : |b illustrations ; |c 28 cm. | ||
| 336 | |a text |b txt |2 rdacontent | ||
| 337 | |a unmediated |b n |2 rdamedia | ||
| 338 | |a volume |b nc |2 rdacarrier | ||
| 490 | 1 | |a NCHRP report, |x 0077-5614 ; |v 799 | |
| 500 | |a At head of title: National Cooperative Highway Research Program. | ||
| 536 | |a Research sponsored by the American Association of State Highway and Transportation Officials in cooperation with the Federal Highway Administration |f NCHRP project 20-89 | ||
| 520 | |a "TRB's National Cooperative Highway Research Program (NCHRP) Report 799: Management Guide to Intellectual Property for State Departments of Transportation documents guidance on how agencies can manage the copyrights, patents, and other intellectual property that may be used or produced as a byproduct of the agency's usual business activities." -- Publisher's description. | ||
| 504 | |a Includes bibliographical references (pages 107-109). | ||
| 505 | 0 | |a chapter 1. Introduction -- chapter 2. Overview of the IP management process -- chapter 3. Responsibility for IP oversight -- chapter 4. Disclosure, screening, and reviewing -- chapter 5. Forms of IP protection and registration -- chapter 6. Understanding IP management and options -- chapter 7. Managing revenue earned from IP -- chapter 8. Measuring the effectiveness of IP management efforts -- chapter 9. Case studies -- chapter 10. IP management application examples -- Notes -- Sources -- Glossary -- appendix A. Patent search and information resources -- appendix B. Copyright search resources -- appendix C. Sample invention disclosure document -- appendix D. Invention disclosure from the Virginia Department of Transportation -- appendix E. Non-disclosure agreement (NDA) from the New York State Department of Transportation -- appendix F. Private industry : non-disclosure agreement (NDA) fro, Applied Research Associates (APA) -- appendix G. Intellectual property management checklist -- appendix H. Training work plan -- appendix I. PowerPoint summary of NCHRP Project 20-89. | |
| 530 | |a Also available online. | ||
| 650 | 0 | |a Intellectual property |z United States |x Management. | |
| 650 | 0 | |a State transportation agencies |z United States |x Management. | |
| 650 | 7 | |a State departments of transportation. |2 trt | |
| 650 | 7 | |a Research management. |2 trt | |
| 650 | 7 | |a Legal factors. |2 trt | |
| 700 | 1 | |a Mallela, J., |e author. | |
| 700 | 1 | |a Chesnik, Kevin, |e author. | |
| 700 | 1 | |a Wyatt, Timothy R., |e author. | |
| 710 | 2 | |a National Research Council (U.S.). |b Transportation Research Board, |e issuing body. | |
| 710 | 2 | |a National Cooperative Highway Research Program, |e sponsoring body. | |
| 710 | 2 | |a American Association of State Highway and Transportation Officials, |e sponsoring body. | |
| 710 | 1 | |a United States. |b Federal Highway Administration, |e sponsoring body. | |
| 776 | 0 | 8 | |i Online version: |a Bradley, Joe (Joe Anthony). |t Management guide to intellectual property for state departments of transportation. |d Washington, D.C. : Transportation Research Board, 2015 |w (OCoLC)907678698 |
| 830 | 0 | |a Report (National Cooperative Highway Research Program) ; |v 799. | |
| 856 | 4 | 1 | |u http://proxy.library.tamu.edu/login?url=http://onlinepubs.trb.org/onlinepubs/nchrp/nchrp_rpt_799.pdf |t 0 |
| 856 | 4 | 1 | |3 Blurb |u http://www.trb.org/Publications/Blurbs/172260.aspx |t 0 |
| 994 | |a C0 |b TXA | ||
| 999 | f | f | |s c131bdaa-1154-329f-bc19-f27144a31ac3 |i 5955f150-6368-3e79-b31c-c185111ea01d |t 0 |
| 952 | f | f | |p normal |a Texas A&M University |b College Station |c Sterling C. Evans Library |d Evans: Library Stacks |t 0 |e TE7 .N25 no.799 |h Library of Congress classification |i unmediated -- volume |m A14843500951 |
| 998 | f | f | |a TE7 .N25 no.799 |t 0 |l Evans: Library Stacks |